[Event "ARG-ch 98th"]
[Site "Buenos Aires"]
[Date "2023.10.29"]
[Round "2"]
[White "Miranda, Rafael"]
[Black "Valerga, Diego"]
[Result "1/2-1/2"]
[WhiteElo "2343"]
[BlackElo "2428"]
[PlyCount "91"]
[EventDate "2023.10.28"]
[EventType "tourn"]
[EventRounds "11"]
[EventCountry "ARG"]
[EventCategory "7"]
[SourceTitle "CB46_2023"]
[SourceDate "2023.11.15"]
[SourceVersion "1"]
[SourceVersionDate "2023.11.15"]
[SourceQuality "1"]

1. e4 c5 2. Nf3 e6 3. d4 cxd4 4. Nxd4 Nc6 5. Nc3 d6 6. Be3 Nf6 7. Qe2 a6 8. 0-0-0 Qc7 9. f4 h5 10. g3 Bd7 11. Bg2 Be7 12. Nf3 Rc8 13. Kb1 Ng4 14. Bg1 b5 15. h3 Nf6 16. e5 dxe5 17. Nxe5 Nxe5 18. fxe5 Nh7 19. Bd4 Bc6 20. Ne4 Bxe4 21. Bxe4 Ng5 22. Bg2 Bc5 23. h4 Nh7 24. Bxc5 Qxc5 25. Bb7 Rb8 26. Be4 g6 27. Qd3 Nf8 28. Rhf1 Qc7 29. Qf3 Rb6 30. Rd6 f5 31. Bc6+ Kf7 32. Rfd1 Kg8 33. Qc3 Rh7 34. Qc5 Rf7 35. a3 Rb8 36. Qd4 Rc8 37. c3 Qa7 38. Qf4 Qc5 39. Bf3 a5 40. R1d4 Kh7 41. Bd1 Rcc7 42. Bb3 Rfe7 43. Rd8 Red7 44. Qg5 Rxd8 45. Rxd8 Rf7 46. Qf4 1/2-1/2

[Event "Buenos Aires Bandera Rosario"]
[Site "Buenos Aires"]
[Date "2023.06.23"]
[Round "9"]
[White "Castro Salgado, Pablo Alonso"]
[Black "Miranda, Rafael"]
[Result "1/2-1/2"]
[WhiteElo "2285"]
[BlackElo "2366"]
[PlyCount "42"]
[EventDate "2023.06.19"]
[EventType "tourn"]
[EventRounds "9"]
[EventCountry "ARG"]
[EventCategory "2"]
[SourceTitle "CBM 215 Extra"]
[Source "ChessBase"]
[SourceDate "2023.09.30"]
[SourceVersion "1"]
[SourceVersionDate "2023.09.30"]
[SourceQuality "1"]

1. d4 Nf6 2. Nf3 g6 3. c4 Bg7 4. g3 0-0 5. Bg2 c5 6. 0-0 d6 7. Nc3 Nc6 8. b3 Bf5 9. Bb2 Ne4 10. Nxe4 Bxe4 11. Qd2 Rb8 12. dxc5 Bxb2 13. Qxb2 dxc5 14. Ne5 Bxg2 15. Kxg2 Qc7 16. Nxc6 Qxc6+ 17. Kg1 Rbd8 18. Rad1 Rd6 19. Rd2 Rfd8 20. Rfd1 e5 21. Qc2 Kg7 1/2-1/2

[Event "Buenos Aires Bandera Rosario"]
[Site "Buenos Aires"]
[Date "2023.06.22"]
[Round "8"]
[White "Miranda, Rafael"]
[Black "Ibarra, Juan Martin"]
[Result "0-1"]
[WhiteElo "2366"]
[BlackElo "2256"]
[PlyCount "46"]
[EventDate "2023.06.19"]
[EventType "tourn"]
[EventRounds "9"]
[EventCountry "ARG"]
[EventCategory "2"]
[SourceTitle "CBM 215 Extra"]
[Source "ChessBase"]
[SourceDate "2023.09.30"]
[SourceVersion "1"]
[SourceVersionDate "2023.09.30"]
[SourceQuality "1"]

1. e4 c5 2. Nf3 Nc6 3. d4 cxd4 4. Nxd4 g6 5. c4 Bg7 6. Be3 Nf6 7. Nc3 0-0 8. Be2 d6 9. 0-0 Bd7 10. h3 Nxd4 11. Bxd4 Bc6 12. Qc2 a5 13. Rad1 a4 14. c5 Qa5 15. cxd6 exd6 16. f3 Rfe8 17. Rf2 a3 18. b3 b5 19. Bf1 Rac8 20. Qd2 b4 21. Bxf6 Bxf6 22. Nd5 Bxd5 23. Qxd5 Qa7 0-1

[Event "Buenos Aires Bandera Rosario"]
[Site "Buenos Aires"]
[Date "2023.06.21"]
[Round "5"]
[White "Abramor, Franco"]
[Black "Miranda, Rafael"]
[Result "0-1"]
[WhiteElo "2080"]
[BlackElo "2366"]
[PlyCount "76"]
[EventDate "2023.06.19"]
[EventType "tourn"]
[EventRounds "9"]
[EventCountry "ARG"]
[EventCategory "2"]
[SourceTitle "CBM 215 Extra"]
[Source "ChessBase"]
[SourceDate "2023.09.30"]
[SourceVersion "1"]
[SourceVersionDate "2023.09.30"]
[SourceQuality "1"]

1. e4 c5 2. Nf3 d6 3. d4 cxd4 4. Nxd4 Nf6 5. Nc3 a6 6. Be2 e5 7. Nb3 Be7 8. Be3 Be6 9. Nd5 Nbd7 10. Qd3 0-0 11. 0-0 Rc8 12. c4 Nc5 13. Nxc5 Bxd5 14. exd5 dxc5 15. Qf5 Qd6 16. f4 e4 17. Rae1 Rfe8 18. Qh3 Nd7 19. g4 Bf6 20. g5 Bd4 21. Bg4 Rcd8 22. Qg2 b5 23. Bxd4 cxd4 24. Rxe4 Nb6 25. cxb5 axb5 26. Rfe1 Rxe4 27. Qxe4 h6 28. Qxd4 hxg5 29. fxg5 Qg6 30. h4 Qd6 31. Qe5 Qc5+ 32. Qe3 Qc4 33. Bf5 g6 34. Bxg6 Qg4+ 35. Kf1 Nxd5 36. Qd3 Qf4+ 37. Kg1 Qxh4 38. Be4 Qxe1+ 0-1

[Event "Titled Tuesday intern op 13th Jun Early"]
[Site "Chess.com INT"]
[Date "2023.06.13"]
[Round "5"]
[White "Galchenko, Matvey"]
[Black "Miranda, Rafael"]
[Result "1-0"]
[WhiteElo "2438"]
[BlackElo "2366"]
[PlyCount "93"]
[EventDate "2023.06.13"]
[EventType "swiss (blitz)"]
[EventRounds "11"]
[EventCountry "USA"]
[SourceTitle "EXT 2024"]
[Source "ChessBase"]
[SourceDate "2023.10.10"]
[SourceVersion "1"]
[SourceVersionDate "2023.10.10"]
[SourceQuality "1"]

1. f4 d6 2. Nf3 g6 3. g3 Bg7 4. Bg2 Nf6 5. d3 0-0 6. 0-0 c5 7. Nc3 Nc6 8. e4 e6 9. h3 b6 10. g4 Nd7 11. Ne2 Bb7 12. Ng3 Nd4 13. g5 f5 14. gxf6 Qxf6 15. c3 Nxf3+ 16. Qxf3 Rae8 17. Be3 d5 18. e5 Qh4 19. Qg4 Qxg4 20. hxg4 g5 21. d4 gxf4 22. Bxf4 cxd4 23. cxd4 Rc8 24. Rf2 Nb8 25. Nh5 Nc6 26. Rd1 Bh8 27. g5 Rce8 28. Nf6+ Bxf6 29. exf6 Ba6 30. Bf3 Rc8 31. Bg4 Kf7 32. Rh2 Rh8 33. Bh5+ Kf8 34. Bd6+ Kg8 35. Rc1 Bc4 36. b3 Bd3 37. Rxc6 Rxc6 38. f7+ Kg7 39. Be5+ Kf8 40. Bxh8 Bg6 41. Bxg6 hxg6 42. Rf2 Rc1+ 43. Kh2 Rc8 44. Be5 Rd8 45. Kg3 Rd7 46. Bg7+ Kxg7 47. f8Q+ 1-0

[Event "Titled Tuesday intern op 13th Jun Early"]
[Site "Chess.com INT"]
[Date "2023.06.13"]
[Round "10"]
[White "Ivanchuk, Vassily"]
[Black "Miranda, Rafael"]
[Result "1-0"]
[WhiteElo "2655"]
[BlackElo "2366"]
[PlyCount "47"]
[EventDate "2023.06.13"]
[EventType "swiss (blitz)"]
[EventRounds "11"]
[EventCountry "USA"]
[SourceTitle "EXT 2024"]
[Source "ChessBase"]
[SourceDate "2023.10.10"]
[SourceVersion "1"]
[SourceVersionDate "2023.10.10"]
[SourceQuality "1"]

1. c4 c5 2. Nc3 Nc6 3. Nf3 g6 4. e3 Nf6 5. d4 cxd4 6. exd4 d5 7. Be2 Bg7 8. 0-0 0-0 9. Bf4 b6 10. Ne5 Bb7 11. Bf3 Rc8 12. Nxd5 Nxd5 13. Bxd5 e6 14. Bxc6 Bxc6 15. b3 Bb7 16. Re1 Re8 17. Rc1 Qe7 18. Rc2 Rcd8 19. Rd2 Ba8 20. f3 Qa3 21. Ng4 Rd7 22. Bg5 Kh8 23. Nf6 Qa5 24. Re5 1-0

[Event "Titled Tuesday intern op 13th Jun Early"]
[Site "Chess.com INT"]
[Date "2023.06.13"]
[Round "9"]
[White "Miranda, Rafael"]
[Black "Fernandez Siles, Luis"]
[Result "1-0"]
[WhiteElo "2366"]
[BlackElo "2218"]
[PlyCount "61"]
[EventDate "2023.06.13"]
[EventType "swiss (blitz)"]
[EventRounds "11"]
[EventCountry "USA"]
[SourceTitle "EXT 2024"]
[Source "ChessBase"]
[SourceDate "2023.10.10"]
[SourceVersion "1"]
[SourceVersionDate "2023.10.10"]
[SourceQuality "1"]

1. e4 c5 2. Nf3 Nc6 3. c3 Nf6 4. d3 d6 5. Be2 g6 6. 0-0 Bg7 7. Nbd2 0-0 8. a3 a5 9. a4 Qc7 10. Re1 d5 11. Bf1 d4 12. cxd4 cxd4 13. Nc4 Be6 14. Na3 Bg4 15. h3 Bxf3 16. Qxf3 Nb4 17. Qd1 e5 18. Nc4 Nd7 19. Bg5 f6 20. Bd2 Kh8 21. Rc1 Nc5 22. Nxa5 Qxa5 23. Rc4 Nca6 24. Qb3 Nc5 25. Qxb4 Qxb4 26. Bxb4 b6 27. a5 Rfc8 28. axb6 Nb7 29. Rec1 Rcb8 30. Rc7 Bf8 31. Bxf8 1-0

[Event "Titled Tuesday intern op 30th May Early"]
[Site "Chess.com INT"]
[Date "2023.05.30"]
[Round "1"]
[White "Miranda, Rafael"]
[Black "Tsyhanchuk, Stanislav"]
[Result "1-0"]
[WhiteElo "2324"]
[BlackElo "2273"]
[PlyCount "65"]
[EventDate "2023.05.30"]
[EventType "swiss (blitz)"]
[EventRounds "11"]
[EventCountry "USA"]
[SourceTitle "CBM 214 Extra"]
[Source "ChessBase"]
[SourceDate "2023.07.31"]
[SourceVersion "1"]
[SourceVersionDate "2023.07.31"]
[SourceQuality "1"]

1. e4 c5 2. Nf3 d6 3. c3 Nf6 4. h3 Nbd7 5. Bd3 g6 6. 0-0 Bg7 7. Re1 0-0 8. Bf1 Ne5 9. d4 cxd4 10. cxd4 Nxf3+ 11. Qxf3 Nd7 12. Be3 Qb6 13. Nc3 Re8 14. Nd5 Qd8 15. Rac1 Rb8 16. Rc2 e6 17. Nc7 Rf8 18. Nb5 a6 19. Nxd6 Nb6 20. Nxc8 Rxc8 21. Rxc8 Qxc8 22. Rc1 Qd8 23. Qd1 Nd7 24. Qb3 b5 25. a4 bxa4 26. Qxa4 a5 27. Bb5 Nb6 28. Qxa5 Bxd4 29. Rd1 Bc3 30. Rxd8 Bxa5 31. Rxf8+ Kxf8 32. Bc5+ Kg7 33. b4 1-0

[Event "Titled Tuesday intern op 23rd May Early"]
[Site "Chess.com INT"]
[Date "2023.05.23"]
[Round "2"]
[White "Babazada, Khazar Araz"]
[Black "Miranda, Rafael"]
[Result "1-0"]
[WhiteElo "2474"]
[BlackElo "2324"]
[PlyCount "51"]
[EventDate "2023.05.23"]
[EventType "swiss (blitz)"]
[EventRounds "11"]
[EventCountry "USA"]
[SourceTitle "CBM 214 Extra"]
[Source "ChessBase"]
[SourceDate "2023.07.31"]
[SourceVersion "1"]
[SourceVersionDate "2023.07.31"]
[SourceQuality "1"]

1. e4 e5 2. Nf3 Nc6 3. Bb5 g6 4. 0-0 Bg7 5. c3 Nge7 6. d4 exd4 7. cxd4 d5 8. Bxc6+ bxc6 9. Nc3 0-0 10. Re1 Bg4 11. e5 Nf5 12. Be3 Rb8 13. Na4 f6 14. e6 Re8 15. Nc5 Nh4 16. Bf4 Bxf3 17. gxf3 Rxb2 18. Bg3 Rd2 19. Qb3 Nf5 20. Qb7 Nxd4 21. Kg2 Nc2 22. Qxc6 Nxe1+ 23. Rxe1 Bf8 24. Nd7 Kg7 25. Bxc7 Qa8 26. Qc3 1-0

[Event "Titled Tuesday intern op 23rd May Early"]
[Site "Chess.com INT"]
[Date "2023.05.23"]
[Round "9"]
[White "Castellanos Gomez, Alejandro"]
[Black "Miranda, Rafael"]
[Result "1-0"]
[WhiteElo "2253"]
[BlackElo "2324"]
[PlyCount "61"]
[EventDate "2023.05.23"]
[EventType "swiss (blitz)"]
[EventRounds "11"]
[EventCountry "USA"]
[SourceTitle "CBM 214 Extra"]
[Source "ChessBase"]
[SourceDate "2023.07.31"]
[SourceVersion "1"]
[SourceVersionDate "2023.07.31"]
[SourceQuality "1"]

1. d4 Nf6 2. Bf4 g6 3. Nc3 d5 4. Qd2 Bg7 5. Bh6 0-0 6. 0-0-0 c6 7. f3 Nbd7 8. h4 e5 9. h5 exd4 10. Bxg7 Kxg7 11. Qxd4 Qb6 12. Qh4 Qe3+ 13. Kb1 Nb6 14. Rd3 Qe7 15. g4 Bd7 16. Re3 Qd8 17. hxg6 fxg6 18. Qh6+ Kg8 19. g5 d4 20. gxf6 Rf7 21. Re7 Rxe7 22. fxe7 Qxe7 23. Ne4 Nd5 24. Ng5 Bf5 25. Qxh7+ Qxh7 26. Rxh7 Ne3 27. Bh3 Bxc2+ 28. Kc1 b5 29. Be6+ Kf8 30. Rh8+ Ke7 31. Rxa8 1-0

[Event "Titled Tuesday intern op 23rd May Early"]
[Site "Chess.com INT"]
[Date "2023.05.23"]
[Round "4"]
[White "Torres Dominguez, David"]
[Black "Miranda, Rafael"]
[Result "0-1"]
[WhiteElo "1994"]
[BlackElo "2324"]
[PlyCount "54"]
[EventDate "2023.05.23"]
[EventType "swiss (blitz)"]
[EventRounds "11"]
[EventCountry "USA"]
[SourceTitle "CBM 214 Extra"]
[Source "ChessBase"]
[SourceDate "2023.07.31"]
[SourceVersion "1"]
[SourceVersionDate "2023.07.31"]
[SourceQuality "1"]

1. e4 c5 2. Nc3 e6 3. f4 Nc6 4. Nf3 d5 5. Bb5 Nge7 6. exd5 exd5 7. Qe2 Be6 8. Bxc6+ bxc6 9. 0-0 h6 10. d4 Nf5 11. Be3 Be7 12. dxc5 Bf6 13. Rad1 Qb8 14. Nd4 0-0 15. Nxe6 fxe6 16. Bc1 e5 17. Qg4 e4 18. Kh1 Qc8 19. Ne2 Rb8 20. Ng3 Nxg3+ 21. Qxg3 Bxb2 22. Bxb2 Rxb2 23. f5 Rxf5 24. Rxf5 Qxf5 25. h3 Rxc2 26. Rb1 Qf2 27. Qg4 Kh7 0-1

[Event "Montevideo Integracion 2nd"]
[Site "Montevideo"]
[Date "2022.11.30"]
[Round "4"]
[White "Miranda, Rafael"]
[Black "Carbone, Diego"]
[Result "1/2-1/2"]
[WhiteElo "2317"]
[BlackElo "2316"]
[PlyCount "55"]
[EventDate "2022.11.28"]
[EventType "tourn"]
[EventRounds "9"]
[EventCountry "URU"]
[EventCategory "3"]
[SourceTitle "CBM 211 Extra"]
[Source "ChessBase"]
[SourceDate "2023.01.31"]
[SourceVersion "1"]
[SourceVersionDate "2023.01.31"]
[SourceQuality "1"]

1. e4 e5 2. Nf3 Nc6 3. Bb5 a6 4. Ba4 Nf6 5. d3 b5 6. Bb3 Bc5 7. Nc3 h6 8. Nd5 d6 9. c3 Be6 10. 0-0 Bxd5 11. exd5 Ne7 12. d4 exd4 13. Nxd4 Qd7 14. a4 0-0 15. axb5 axb5 16. Rxa8 Rxa8 17. Qd3 Nexd5 18. Nf5 Ne7 19. Qf3 d5 20. Nxh6+ Kf8 21. Bc2 Ra1 22. Bg5 Rxf1+ 23. Kxf1 Qe6 24. Bxf6 Qxf6 25. Qxf6 gxf6 26. Ng4 Kg7 27. Ke2 d4 28. Bb3 1/2-1/2

[Event "Titled Tuesday intern op 23rd Aug Early"]
[Site "Chess.com INT"]
[Date "2022.08.23"]
[Round "6"]
[White "Itgelt, Khuyagtsogt"]
[Black "Miranda, Rafael"]
[Result "0-1"]
[WhiteElo "2184"]
[BlackElo "2300"]
[PlyCount "110"]
[EventDate "2022.08.23"]
[EventType "swiss (blitz)"]
[EventRounds "11"]
[EventCountry "USA"]
[SourceTitle "EXT 2023"]
[Source "ChessBase"]
[SourceDate "2022.10.05"]
[SourceVersion "1"]
[SourceVersionDate "2022.10.05"]
[SourceQuality "1"]

1. c4 e5 2. g3 Nf6 3. Bg2 Nc6 4. Nc3 Bc5 5. Nf3 d6 6. 0-0 a6 7. e3 Ba7 8. d4 0-0 9. b3 exd4 10. Nxd4 Nxd4 11. exd4 c6 12. h3 Re8 13. Be3 Bf5 14. Qd2 Ne4 15. Nxe4 Bxe4 16. Rad1 d5 17. Qb4 Bxg2 18. Kxg2 Qd7 19. cxd5 Qxd5+ 20. Kh2 b5 21. Rc1 Re6 22. Rc2 Rae8 23. Rfc1 h5 24. h4 Bb8 25. Qe1 Qf3 26. Qg1 Re4 27. Qg2 Qf5 28. Rc5 Qd7 29. Kg1 Bxg3 30. Rg5 Rg4 31. Qxc6 Bf4+ 32. Rxg4 Qxg4+ 33. Kf1 Rxe3 34. Qc8+ Re8 35. Qxe8+ Kh7 36. Rc3 Qd1+ 37. Kg2 Qg4+ 38. Kf1 Qd1+ 39. Qe1 Qxd4 40. Rf3 g6 41. Kg2 Kg7 42. Qe7 a5 43. Qb7 b4 44. Qc6 Be5 45. Qb7 Qg4+ 46. Kf1 Bf6 47. Qd5 Qxh4 48. Qxa5 Qh1+ 49. Ke2 Qh4 50. Qd5 Qg4 51. Qd3 h4 52. Qe3 h3 53. Qf4 Qxf4 54. Rxf4 h2 55. Rh4 Bxh4 0-1

[Event "Titled Tuesday intern op 23rd Aug Early"]
[Site "Chess.com INT"]
[Date "2022.08.23"]
[Round "11"]
[White "Miranda, Rafael"]
[Black "Broca Jimenez, Fernando"]
[Result "1-0"]
[WhiteElo "2300"]
[BlackElo "2075"]
[PlyCount "121"]
[EventDate "2022.08.23"]
[EventType "swiss (blitz)"]
[EventRounds "11"]
[EventCountry "USA"]
[SourceTitle "EXT 2023"]
[Source "ChessBase"]
[SourceDate "2022.10.05"]
[SourceVersion "1"]
[SourceVersionDate "2022.10.05"]
[SourceQuality "1"]

1. e4 c5 2. Nf3 g6 3. d4 cxd4 4. Nxd4 Nc6 5. Nc3 Nf6 6. Bc4 Bg7 7. Be3 0-0 8. Bb3 d6 9. h3 Bd7 10. 0-0 Rc8 11. Re1 Ne5 12. Bg5 Nc4 13. Bxc4 Rxc4 14. Nb3 Be6 15. Qd2 a6 16. Rad1 Qc7 17. Bh6 b5 18. Bxg7 Kxg7 19. Re2 Rc8 20. a3 b4 21. axb4 Qb6 22. Nd5 Bxd5 23. exd5 Rxc2 24. Qxc2 Rxc2 25. Rxc2 Qxb4 26. Nd4 Ne4 27. Re2 Nf6 28. Nc6 Qb3 29. Rdd2 Nxd5 30. Nxe7 Nxe7 31. Rxe7 a5 32. Ra7 a4 33. Kh2 d5 34. Rd7 h5 35. R7xd5 Qb8+ 36. Kg1 Qb4 37. g3 Qb3 38. Kg2 a3 39. bxa3 Qxa3 40. h4 Qb3 41. Rd7 Qc4 42. Re7 Qb3 43. Rdd7 Qc4 44. Rxf7+ Qxf7 45. Rxf7+ Kxf7 46. Kf3 Kf6 47. Kf4 Kg7 48. Kg5 Kf7 49. Kh6 Kf6 50. f3 Kf5 51. Kg7 g5 52. Kh6 gxh4 53. gxh4 Kf4 54. Kxh5 Kxf3 55. Kg5 Ke4 56. h5 Ke5 57. h6 Ke6 58. h7 Kf7 59. h8Q Ke6 60. Qd4 Ke7 61. Qd5 1-0